Podział administracyjny Grecji - Statystyki

Ogólne statystyki
  • Ten quiz został rozwiązany 120 razy
  • Średni wynik to 6 z 12
Statystyki odpowiedzi
Odpowiedź % Poprawnych
Macedonia Wschodnia i Tracja
84%
Macedonia Środkowa
78%
Macedonia Zachodnia
78%
Attyka
62%
Wyspy Egejskie Północne
59%
Wyspy Egejskie Południowe
59%
Peloponez
57%
Epir
46%
Wyspy Jońskie
39%
Grecja Zachodnia
33%
Tesalia
29%
Grecja Środkowa
20%
Nie znaleziono quizów pasujących do podanych kryteriów
Rozkład punktacji
Procent ludzi z każdym wynikiem
Percentyl według liczby udzielonych odpowiedzi
Twoja historia wyników
Nie rozwiązałeś tego quizu